[Event "Airthings Masters - Torneo Preliminare"]
[Site "Internet"]
[Date "03.02.2023"]
[Round "7"]
[White "Kozak, Adam"]
[Black "Tabatabaei, M. Amin"]
[Result "1/2-1/2"]
[WhiteTitle ""]
[BlackTitle ""]
[WhiteElo "2564"]
[BlackElo "2677"]
[WhiteFideId "753246"]
[BlackFideId "12521213"]
[EventDate "2023.02.03"]

1. c4 e5 2. g3 Nc6 3. Nc3 g6 4. Bg2 Bg7 5. d3 d6 6. Nf3 Nf6 7. O-O O-O 8. Rb1 a5
9. Bd2 Re8 10. Ne1 Nd4 11. Nc2 c6 12. Bg5 h6 13. Bxf6 Qxf6 14. e3 Nxc2 15. Qxc2
h5 16. h4 Qe7 17. a3 g5 18. hxg5 Qxg5 19. Ne4 Qg6 20. c5 d5 21. Nd6 Re6 22. e4
h4 23. exd5 cxd5 24. Bxd5 Rf6 25. Ne4 Rf5 26. c6 bxc6 27. Qxc6 Qxc6 28. Bxc6 Ra6
29. Rbc1 hxg3 30. fxg3 Bh6 31. Bb5 Rxf1+ 32. Rxf1 Rb6 33. Bc4 Be3+ 34. Kg2 Rxb2+
35. Kf3 Bh3 36. Re1 Bd4 37. Bxf7+ Kxf7 38. Ng5+ Kg6 39. Nxh3 Rb3 40. Ke4 Rxa3
41. Ng1 Ra4 42. Kd5 Bf2 43. Rf1 Bxg3 44. Nf3 Kh5 45. Nxe5 Ra2 46. d4 a4 47. Nc4
Kg4 48. Ne5+ Kg5 49. Nc4 Bf2 50. Rb1 Kf4 51. Rb8 Ra1 52. Rf8+ Kg3 53. Ra8 Kf3
54. Kc5 Ke4 55. Kb5 Rb1+ 56. Kc6 Ra1 57. Kb5 Rb1+ 58. Kc6 Ra1 59. d5 Kd4 60. Nd6
Rc1+ 61. Kd7 Ra1 62. Kc6 Rc1+ 63. Kd7 Ra1 64. Kc6 1/2-1/2

[Event "Airthings Masters - Torneo Preliminare"]
[Site "Internet"]
[Date "03.02.2023"]
[Round "7"]
[White "Drygalov, Sergey"]
[Black "Muradli, Mahammad"]
[Result "1-0"]
[WhiteTitle ""]
[BlackTitle ""]
[WhiteElo "2547"]
[BlackElo "2539"]
[WhiteFideId "24171743"]
[BlackFideId "13409301"]
[EventDate "2023.02.03"]

1. d4 Nf6 2. c4 g6 3. Nc3 Bg7 4. e4 O-O 5. Nf3 d6 6. Be2 e5 7. O-O Nc6 8. d5 Ne7
9. b4 a5 10. bxa5 Rxa5 11. a4 Nd7 12. Ba3 Nc5 13. Bb4 Ra8 14. a5 h6 15. Nd2 Bd7
16. Bxc5 dxc5 17. Nb3 b6 18. d6 cxd6 19. Qxd6 Nc6 20. axb6 Qxb6 21. Rxa8 Rxa8
22. Nxc5 Be8 23. Nd5 Qb2 24. Nd7 Bxd7 25. Qxd7 Nd4 26. Bd1 Bf8 27. h4 Qb8 28. h5
g5 29. Bg4 Kg7 30. Kh2 Bc5 31. Qc7 Qxc7 32. Nxc7 Ra4 33. Rc1 Nb3 34. Rc2 Na1 35.
Rc3 Bxf2 36. Ne8+ Kf8 37. Nf6 Bd4 38. Rc1 Nb3 39. Rb1 Nd2 40. Rb8+ Ke7 41. Nd5+
Kd6 42. Rd8+ Kc5 43. Rc8+ Kd6 44. c5+ Bxc5 45. Rd8+ Kc6 46. Rc8+ Kb7 47. Rxc5
Rxe4 48. Bf3 Rh4+ 49. Kg3 e4 50. Be2 f5 51. Rc7+ Kb8 52. Ba6 f4+ 53. Kf2 e3+ 54.
Ke2 f3+ 55. gxf3 Rd4 56. Rb7+ Kc8 57. Rb4+ 1-0

[Event "Airthings Masters - Torneo Preliminare"]
[Site "Internet"]
[Date "03.02.2023"]
[Round "7"]
[White "Rakhmanov, Aleksandr"]
[Black "Sankalp, Gupta"]
[Result "1-0"]
[WhiteTitle ""]
[BlackTitle ""]
[WhiteElo "2635"]
[BlackElo "2504"]
[WhiteFideId "4173708"]
[BlackFideId "5097010"]
[EventDate "2023.02.03"]

1. c4 e5 2. Nf3 Nc6 3. d4 exd4 4. Nxd4 Bb4+ 5. Bd2 Bc5 6. Nb3 Be7 7. Nc3 Nf6 8.
Bf4 O-O 9. e3 d6 10. Be2 Ne5 11. O-O c6 12. h3 Qc7 13. Rc1 Be6 14. Nd5 Qd7 15.
Nxe7+ Qxe7 16. c5 Bxb3 17. cxd6 Bxd1 18. dxe7 Bxe2 19. exf8=Q+ Kxf8 20. Bxe5
Bxf1 21. Kxf1 Ke7 22. g4 g6 23. Rd1 Nd7 24. Bd6+ Ke6 25. Ke2 a5 26. Bc7 a4 27.
f4 Nc5 28. Kf3 f5 29. Rd6+ Ke7 30. gxf5 gxf5 31. Rh6 Nd3 32. Be5 b5 33. Rxh7+
Ke6 34. Rh6+ Ke7 35. a3 c5 36. e4 Nxe5+ 37. fxe5 fxe4+ 38. Kxe4 Rd8 39. Rb6 b4
40. axb4 Rd4+ 41. Kf5 Rxb4 42. Ra6 Rxb2 43. Ra7+ Kf8 44. Rxa4 Rb6 45. h4 Ke8 46.
Ra8+ Kf7 47. Ra7+ Kf8 48. Rc7 Rh6 49. Kg5 Re6 50. Rxc5 Kg7 51. h5 Kf8 52. h6 Kg8
53. Rc8+ Kh7 54. Rc7+ Kg8 55. Rc8+ Kh7 56. Kf5 Ra6 57. e6 Ra5+ 58. Kf6 Ra6 59.
Kf7 Ra1 60. e7 Rf1+ 61. Ke6 Re1+ 62. Kd6 Rd1+ 63. Kc6 Rc1+ 64. Kb7 Rb1+ 65. Ka6
Ra1+ 66. Kb5 Rb1+ 67. Ka4 Ra1+ 68. Kb3 Re1 69. e8=Q 1-0

[Event "Airthings Masters - Torneo Preliminare"]
[Site "Internet"]
[Date "03.02.2023"]
[Round "7"]
[White "Pakleza, Zbigniew"]
[Black "Daggupati, Balaji"]
[Result "0-1"]
[WhiteTitle ""]
[BlackTitle ""]
[WhiteElo "2496"]
[BlackElo "2507"]
[WhiteFideId "1119290"]
[BlackFideId "2090759"]
[EventDate "2023.02.03"]

1. d4 d5 2. Bf4 Nf6 3. e3 c5 4. c3 Nc6 5. Nd2 Bf5 6. Qb3 Qd7 7. dxc5 e5 8. Bg3
Bxc5 9. Ngf3 Qe7 10. Bb5 Bd6 11. c4 O-O 12. cxd5 Nb4 13. Rc1 Rac8 14. O-O Bc2
15. Rxc2 Nxc2 16. a3 e4 17. Nh4 Bxg3 18. fxg3 Qc5 19. Rxf6 gxf6 20. Nf5 Na1 21.
Qa4 Kh8 22. Bc4 b5 23. Qxb5 Qxb5 24. Bxb5 Rc1+ 25. Bf1 Rd8 26. d6 Rc5 27. g4
Rxf5 28. gxf5 Rxd6 29. Nxe4 Rb6 30. b4 Nc2 31. Nc3 Nxe3 32. Bd3 Rd6 33. Be4 Nc4
34. a4 Rd4 35. Kf2 Nd6 36. Ke3 Rxb4 37. Bd3 Nb7 38. Bb5 Nd6 39. Bd7 Kg7 40. Nd5
Rb3+ 41. Kd4 Rb7 42. Bc6 Nxf5+ 43. Kc5 Rb2 44. g4 Nh4 45. h3 Nf3 46. a5 Ne5 47.
Bb5 Rc2+ 48. Kd6 Nc4+ 49. Bxc4 Rxc4 50. a6 Rc1 51. Nc7 Rb1 52. Nd5 Kg6 53. Kc5
h5 54. gxh5+ Kxh5 55. Nxf6+ Kg6 56. Nd7 f5 57. Ne5+ Kg5 58. Nc6 Rb6 59. Nxa7
Rxa6 60. Nb5 Ra5 61. Kb4 Rxb5+ 62. Kxb5 Kh4 63. Kc4 Kxh3 64. Kd3 Kg3 65. Ke2 f4
66. Kf1 Kf3 67. Kg1 Ke2 0-1

[Event "Airthings Masters - Torneo Preliminare"]
[Site "Internet"]
[Date "03.02.2023"]
[Round "7"]
[White "Vidit, Santosh Gujrathi"]
[Black "Tomashevsky, Evgeny"]
[Result "1/2-1/2"]
[WhiteTitle ""]
[BlackTitle ""]
[WhiteElo "2730"]
[BlackElo "2694"]
[WhiteFideId "5029465"]
[BlackFideId "4147235"]
[EventDate "2023.02.03"]

1. d4 Nf6 2. c4 e6 3. Nf3 d5 4. g3 Be7 5. Bg2 O-O 6. O-O dxc4 7. Qc2 a6 8. a4
Bd7 9. Qxc4 Bc6 10. Bg5 Nbd7 11. Nc3 a5 12. Rfe1 Bd5 13. Qd3 Bxf3 14. Bxf3 c6
15. Rad1 Nd5 16. Bc1 Nb4 17. Qb1 Qb6 18. h4 Rad8 19. Kg2 Rfe8 20. e3 Nf6 21. h5
Qc7 22. e4 Rd7 23. Bf4 Qd8 24. Be3 h6 25. Re2 Nh7 26. d5 Bg5 27. dxe6 fxe6 28.
Rxd7 Qxd7 29. Bb6 Bd8 30. Bxd8 Rxd8 31. e5 Qd4 32. Re4 Qd3 33. Bg4 Kf7 34. Qc1
Qd2 35. Qb1 Qd3 36. Re2 Nf8 37. Qc1 Qd4 38. f4 Nd3 39. Qc2 Nc5 40. Bf3 Qd3 41.
Nb5 cxb5 42. Qxc5 bxa4 43. Qxa5 b5 44. Rf2 Rc8 45. Qa7+ Kg8 46. Be2 Qd5+ 47. Bf3
Qd3 48. Kh3 Rc2 49. Rxc2 Qxc2 50. Qd4 Qb3 51. Be2 a3 52. bxa3 Qxa3 53. Bxb5 Qf3
54. Be8 Qh1+ 55. Kg4 Qb1 56. Kf3 Qh1+ 57. Kg4 Qb1 58. Qa7 Qd1+ 59. Kh3 Qh1+ 60.
Kg4 Qd1+ 61. Kh3 Qh1+ 62. Kg4 Qd1+ 1/2-1/2

[Event "Airthings Masters - Torneo Preliminare"]
[Site "Internet"]
[Date "03.02.2023"]
[Round "7"]
[White "Robson, Ray"]
[Black "Martinez Alcantara, Jose Eduardo"]
[Result "1-0"]
[WhiteTitle ""]
[BlackTitle ""]
[WhiteElo "2702"]
[BlackElo "2607"]
[WhiteFideId "2023970"]
[BlackFideId "3805662"]
[EventDate "2023.02.03"]

1. e4 e5 2. Nf3 Nf6 3. Nxe5 d6 4. Nf3 Nxe4 5. d4 d5 6. Bd3 Bd6 7. O-O O-O 8. c4
c6 9. Nc3 Nxc3 10. bxc3 dxc4 11. Bxc4 Bg4 12. h3 Bh5 13. g4 Bg6 14. Ne5 b5 15.
Bb3 Nd7 16. Nxg6 hxg6 17. Qf3 Qf6 18. Kg2 Qxf3+ 19. Kxf3 Nb6 20. Be3 Rfc8 21. a4
a5 22. Rfb1 Kf8 23. Bd2 Rcb8 24. Bc2 b4 25. Be4 Nc4 26. Be1 Rb6 27. Bd3 Na3 28.
Rb3 Rab8 29. cxb4 axb4 30. a5 R6b7 31. a6 Ra7 32. Bxb4 Rxb4 33. Raxa3 Rxd4 34.
Ra2 Ke7 35. Rc2 Kd7 36. Bc4 f5 37. Rd3 Rf4+ 38. Ke3 Ke7 39. f3 g5 40. Ke2 fxg4
41. hxg4 Bc5 42. Kf1 Rd7 43. Rxd7+ Kxd7 44. Ke2 Kd6 45. Bd3 Ra4 46. Rb2 Bd4 47.
Rb7 Ra2+ 48. Kd1 Ra3 49. Kc2 Rc3+ 50. Kd2 Ra3 51. Rf7 Ra2+ 52. Kd1 Ra3 53. Kc2
Rc3+ 54. Kd2 Ra3 55. Rf5 Bf6 56. Bc4 Ke7 57. Be2 Bd4 58. Kd1 g6 59. Rxg5 Kf6 60.
f4 Be3 61. Re5 Bxf4 62. Re4 Be3 63. Bc4 Kg5 64. Kc2 Bf4 65. Kb2 Ra5 66. Re6 Be5+
67. Kb3 Bd4 68. Rxc6 Ra1 69. Bd3 Bf6 70. Re6 Bd4 71. Rxg6+ Kf4 72. Re6 Bf2 73.
Be2 Rb1+ 74. Kc4 Ra1 75. Kb5 Rb1+ 76. Kc6 Rc1+ 77. Kd7 Ra1 78. Kc7 Rc1+ 79. Rc6
Ra1 80. Re6 Rc1+ 81. Kd8 Ra1 82. Ke8 Kg5 83. Kf7 Bd4 84. Rd6 Be3 85. Rd5+ Kh4
86. Kg6 Ra2 87. Rh5+ Kg3 88. Re5 Kf4 89. Rf5+ Ke4 90. Bf3+ Kd4 91. Bb7 Kd3 92.
g5 Ra1 93. Kf7 Bd4 94. g6 Rg1 95. a7 Bxa7 96. g7 Bd4 97. g8=Q Rxg8 98. Kxg8 Kc4
99. Kf7 Bc3 100. Ke6 Kd4 101. Rd5+ Ke3 102. Kf5 Be1 103. Rd7 Kf2 104. Ke4 Ke2
105. Ba6+ Kf2 106. Rf7+ Kg2 107. Ke3 Ba5 108. Rg7+ Kh3 109. Kf3 Kh4 110. Bd3 Bc3
111. Rg4+ Kh5 112. Kf4 Bd2+ 113. Kf5 Kh6 114. Be2 Bc1 115. Rg6+ Kh7 116. Kf6
Bb2+ 117. Kf7 Bc3 118. Bd3 Bd4 119. Re6+ Kh8 120. Re8# 1-0

[Event "Airthings Masters - Torneo Preliminare"]
[Site "Internet"]
[Date "03.02.2023"]
[Round "8"]
[White "Narayanan, S.L."]
[Black "Bortnyk, Olexandr"]
[Result "1/2-1/2"]
[WhiteTitle ""]
[BlackTitle ""]
[WhiteElo "2669"]
[BlackElo "2605"]
[WhiteFideId "5058422"]
[BlackFideId "14120828"]
[EventDate "2023.02.03"]

1. d4 d6 2. e4 Nf6 3. Nc3 e5 4. Nf3 Nbd7 5. Bc4 Be7 6. O-O c6 7. a4 Qc7 8. Re1
h6 9. b3 O-O 10. Bb2 Re8 11. Bf1 a5 12. h3 1/2-1/2

[Event "Airthings Masters - Torneo Preliminare"]
[Site "Internet"]
[Date "03.02.2023"]
[Round "8"]
[White "Kovalenko, Igor"]
[Black "Gascon Del Nogal, Jose Rafael"]
[Result "1-0"]
[WhiteTitle ""]
[BlackTitle ""]
[WhiteElo "2674"]
[BlackElo "2460"]
[WhiteFideId "14117908"]
[BlackFideId "3902463"]
[EventDate "2023.02.03"]

1. c4 Nf6 2. Nc3 g6 3. e4 Bg7 4. d4 d6 5. f3 O-O 6. Be3 b6 7. Bd3 Nfd7 8. Nge2
c5 9. b3 Nc6 10. d5 Nce5 11. Bc2 h6 12. Qd2 h5 13. h3 b5 14. cxb5 c4 15. f4 Nd3+
16. Bxd3 cxd3 17. Qxd3 Nc5 18. Bxc5 dxc5 19. O-O a6 20. a4 axb5 21. axb5 Qb6 22.
Kh1 Bd7 23. e5 g5 24. Rxa8 Rxa8 25. e6 fxe6 26. fxg5 Qd6 27. Qg6 exd5 28. Qf7+
Kh7 29. Qxh5+ Kg8 30. g6 1-0

[Event "Airthings Masters - Torneo Preliminare"]
[Site "Internet"]
[Date "03.02.2023"]
[Round "8"]
[White "Theodorou, Nikolas"]
[Black "Pranav, V"]
[Result "1/2-1/2"]
[WhiteTitle ""]
[BlackTitle ""]
[WhiteElo "2584"]
[BlackElo "2545"]
[WhiteFideId "4262875"]
[BlackFideId "25060783"]
[EventDate "2023.02.03"]

1. d4 Nf6 2. c4 e6 3. Nf3 b6 4. g3 Bb7 5. Bg2 Bb4+ 6. Bd2 c5 7. Bxb4 cxb4 8. O-O
O-O 9. a3 bxa3 10. Rxa3 d6 11. Nc3 Nc6 12. d5 Na5 13. Nd2 Rc8 14. dxe6 Bxg2 15.
exf7+ Rxf7 16. Kxg2 Nxc4 17. Nxc4 Rxc4 18. Nb5 Rc5 19. Nxd6 Rd5 20. Nxf7 Qa8 21.
Nh6+ Kh8 22. Nf7+ Kg8 23. Nh6+ Kh8 24. Nf7+ Kg8 1/2-1/2

[Event "Airthings Masters - Torneo Preliminare"]
[Site "Internet"]
[Date "03.02.2023"]
[Round "8"]
[White "Andreikin, Dmitry"]
[Black "Safarli, Eltaj"]
[Result "1-0"]
[WhiteTitle ""]
[BlackTitle ""]
[WhiteElo "2729"]
[BlackElo "2608"]
[WhiteFideId "4158814"]
[BlackFideId "13402129"]
[EventDate "2023.02.03"]

1. Nf3 Nf6 2. c4 e6 3. d4 d5 4. e3 c5 5. cxd5 exd5 6. Bb5+ Bd7 7. Bxd7+ Nbxd7 8.
dxc5 Bxc5 9. O-O O-O 10. b3 Qe7 11. Nc3 Qe6 12. Bb2 a6 13. Ne2 Rac8 14. Qd3 Bd6
15. Ned4 Qe4 16. Rad1 Ne5 17. Qxe4 dxe4 18. Nf5 Nxf3+ 19. gxf3 Bc5 20. fxe4 Nxe4
21. Bxg7 Rfd8 22. Kg2 Nd6 23. Bf6 Nxf5 24. Rxd8+ Rxd8 25. Bxd8 Kf8 26. Rd1 1-0

[Event "Airthings Masters - Torneo Preliminare"]
[Site "Internet"]
[Date "03.02.2023"]
[Round "8"]
[White "Pranav, Anand"]
[Black "Mikaelyan, Arman"]
[Result "1-0"]
[WhiteTitle ""]
[BlackTitle ""]
[WhiteElo "2525"]
[BlackElo "2496"]
[WhiteFideId "46626786"]
[BlackFideId "13304852"]
[EventDate "2023.02.03"]

1. d4 d5 2. c4 c6 3. Nc3 Nf6 4. e3 e6 5. Nf3 Nbd7 6. Bd3 dxc4 7. Bxc4 b5 8. Bd3
Bd6 9. Qc2 Bb7 10. e4 e5 11. dxe5 Nxe5 12. Nxe5 Bxe5 13. Bg5 h6 14. Bh4 O-O 15.
O-O Qd6 16. Bg3 Bxg3 17. hxg3 Rad8 18. Rad1 Qe5 19. a3 Rd6 20. f4 Qc5+ 21. Qf2
Qxf2+ 22. Kxf2 Rfd8 23. Ke3 Ng4+ 24. Ke2 Rd4 25. e5 c5 26. Nxb5 R4d7 27. Nd6 g6
28. Bb5 Re7 29. Bc4 Bxg2 30. Rg1 Bc6 31. Nxf7 Rxd1 32. Rxd1 Rxf7 33. Rd6 Be4 34.
Rd7 1-0

[Event "Airthings Masters - Torneo Preliminare"]
[Site "Internet"]
[Date "03.02.2023"]
[Round "8"]
[White "Nesterov, Arseniy"]
[Black "Vasquez Schroeder, Rodrigo"]
[Result "1-0"]
[WhiteTitle ""]
[BlackTitle ""]
[WhiteElo "2568"]
[BlackElo "2513"]
[WhiteFideId "24198455"]
[BlackFideId "3400042"]
[EventDate "2023.02.03"]

1. d4 Nf6 2. c4 e6 3. Nf3 Bb4+ 4. Nbd2 O-O 5. a3 Be7 6. e4 d6 7. Bd3 c5 8. d5
Nbd7 9. O-O e5 10. b4 Ne8 11. Nb3 b6 12. bxc5 Nxc5 13. Nxc5 bxc5 14. Bd2 g6 15.
Rb1 Ng7 16. Qa4 Bd7 17. Qa5 Qc8 18. Rb2 f5 19. Qc3 fxe4 20. Bxe4 Nf5 21. Bg5 Qd8
22. Bxe7 Qxe7 23. Rb7 Nd4 24. Qa5 Qd8 25. Qxd8 Ne2+ 26. Kh1 Rfxd8 27. Ng5 Nc3
28. Rc1 Nxe4 29. Nxe4 Kf8 30. Nxd6 Rab8 31. Rxa7 Rb2 32. Kg1 Ra2 33. Ne4 Bf5 34.
Nxc5 Rc8 35. Ne6+ Bxe6 36. dxe6 Rxc4 37. Re1 Rcc2 38. Rf7+ Ke8 39. h4 Re2 40.
Rxe2 Rxe2 41. Rxh7 Re4 42. g3 Ra4 43. Rg7 Rxa3 44. Rxg6 Ke7 45. Kg2 e4 46. Rg4
e3 47. fxe3 Rxe3 48. Rg6 Re1 49. h5 Re5 1-0

[Event "Airthings Masters - Torneo Preliminare"]
[Site "Internet"]
[Date "03.02.2023"]
[Round "8"]
[White "Narayanan, Srinath"]
[Black "Shimanov, Aleksandr"]
[Result "1-0"]
[WhiteTitle ""]
[BlackTitle ""]
[WhiteElo "2559"]
[BlackElo "2581"]
[WhiteFideId "5018420"]
[BlackFideId "4198603"]
[EventDate "2023.02.03"]

1. Nf3 d5 2. e3 Nc6 3. d4 e5 4. dxe5 Bg4 5. Be2 Qd7 6. c4 Nge7 7. Nc3 O-O-O 8.
cxd5 Nxd5 9. Qxd5 Qxd5 10. Nxd5 Rxd5 11. Bd2 Bb4 12. O-O-O Bxd2+ 13. Rxd2 Rxd2
14. Kxd2 Bxf3 15. Bxf3 Nxe5 16. Be2 Rd8+ 17. Kc2 c6 18. f4 Ng6 19. Bc4 f6 20.
Bd3 Ne7 21. Re1 h6 22. e4 Kc7 23. Re3 Rd7 24. a3 a5 25. h4 Ng6 26. g3 Ne7 27. h5
Nc8 28. e5 Re7 29. Bf5 Nb6 30. exf6 Rxe3 31. f7 1-0

[Event "Airthings Masters - Torneo Preliminare"]
[Site "Internet"]
[Date "03.02.2023"]
[Round "8"]
[White "Maghsoodloo, Parham"]
[Black "Rustemov, Alexander"]
[Result "1-0"]
[WhiteTitle ""]
[BlackTitle ""]
[WhiteElo "2728"]
[BlackElo "2525"]
[WhiteFideId "12539929"]
[BlackFideId "4119002"]
[EventDate "2023.02.03"]

1. d4 d5 2. Nf3 Nf6 3. Bf4 c5 4. e3 Nc6 5. Nbd2 Bg4 6. c3 e6 7. Bb5 Nd7 8. h3
Bh5 9. a4 a6 10. Be2 Be7 11. O-O O-O 12. Re1 Rc8 13. Qb3 Na5 14. Qa2 c4 15. Rac1
b5 16. e4 Bg6 17. exd5 exd5 18. b4 Nc6 19. Nf1 Nb6 20. Bd1 Bxb4 21. axb5 axb5
22. cxb4 Nxb4 23. Qa5 Nd3 24. Bd2 b4 25. Bxb4 Nxc1 26. Bxf8 Nd3 27. Be7 Qc7 28.
Re3 c3 29. Bc5 Nxc5 30. dxc5 Nd7 31. Qxc7 Rxc7 32. Rxc3 Rxc5 33. Rxc5 Nxc5 34.
Ne3 Be4 35. Nd4 Ne6 36. Nxe6 fxe6 37. Bc2 Bxc2 38. Nxc2 Kf7 39. f4 g5 40. fxg5
Kg6 41. h4 Kf5 42. Kf2 e5 43. Ne3+ Ke4 44. h5 d4 45. g6 1-0

[Event "Airthings Masters - Torneo Preliminare"]
[Site "Internet"]
[Date "03.02.2023"]
[Round "8"]
[White "Muradli, Mahammad"]
[Black "Indjic, Aleksandar"]
[Result "0-1"]
[WhiteTitle ""]
[BlackTitle ""]
[WhiteElo "2539"]
[BlackElo "2641"]
[WhiteFideId "13409301"]
[BlackFideId "911925"]
[EventDate "2023.02.03"]

1. d4 Nf6 2. c4 e6 3. Nf3 c5 4. d5 d6 5. Nc3 exd5 6. cxd5 g6 7. Bf4 Bg7 8. e3
O-O 9. h3 Ne8 10. Be2 Nd7 11. O-O Ne5 12. Nd2 Bd7 13. a4 Rb8 14. Qc2 f5 15. Bh2
Qe7 16. Rfe1 g5 17. f4 Ng6 18. Nc4 g4 19. Bd3 gxh3 20. gxh3 Bxc3 21. bxc3 Nf6
22. Bxf5 Nh4 23. Bxd7 Qxd7 24. e4 Qxh3 25. Re3 Nf3+ 26. Rxf3 Qxf3 27. Nxd6 Kh8
28. Qg2 Qxc3 29. Rb1 Rbd8 30. Nf5 Rg8 31. Bg3 Rxg3 32. Nxg3 Rg8 33. Kh2 Nxe4 34.
Rg1 Nxg3 35. d6 Qd4 36. Qxb7 Qf6 37. Rg2 Qh4+ 38. Kg1 Qh1+ 39. Kf2 Qf1+ 40. Ke3
Nf5+ 0-1

[Event "Airthings Masters - Torneo Preliminare"]
[Site "Internet"]
[Date "03.02.2023"]
[Round "8"]
[White "Arjun, Kalyan"]
[Black "Perez Ponsa, Federico"]
[Result "0-1"]
[WhiteTitle ""]
[BlackTitle ""]
[WhiteElo "2516"]
[BlackElo "2532"]
[WhiteFideId "35018701"]
[BlackFideId "117927"]
[EventDate "2023.02.03"]

1. e4 c5 2. Nf3 d6 3. d4 cxd4 4. Nxd4 Nf6 5. Nc3 a6 6. h3 e6 7. g4 h6 8. Be3 b5
9. a3 Bb7 10. Bg2 Nbd7 11. h4 Ne5 12. g5 Nfd7 13. f4 Nc4 14. Bc1 hxg5 15. hxg5
Rxh1+ 16. Bxh1 Rc8 17. b3 Nxa3 18. Bxa3 Rxc3 19. Qh5 Qa5 20. Kf1 g6 21. Qh8 e5
22. fxe5 dxe5 23. Ne2 Rxc2 24. Bf3 b4 25. Bg4 Bc6 26. Rc1 bxa3 27. Rxc2 a2 28.
Rxc6 a1=Q+ 29. Rc1 Qxc1+ 30. Nxc1 Qa1 31. Bxd7+ Kxd7 32. Qxf8 Qxc1+ 33. Ke2 Qc2+
34. Ke3 Qxb3+ 35. Ke2 Qc4+ 36. Kd2 a5 37. Qa8 a4 38. Qb7+ Ke8 39. Qb8+ Kd7 40.
Qxe5 a3 41. Qa1 Qb4+ 42. Kc2 Qxe4+ 43. Kb3 Qd5+ 44. Kb4 a2 45. Ka3 Qd3+ 46. Kb4
Qb1+ 0-1

[Event "Airthings Masters - Torneo Preliminare"]
[Site "Internet"]
[Date "03.02.2023"]
[Round "8"]
[White "Durarbayli, Vasif"]
[Black "Lazavik, Denis"]
[Result "1/2-1/2"]
[WhiteTitle ""]
[BlackTitle ""]
[WhiteElo "2635"]
[BlackElo "2541"]
[WhiteFideId "13402935"]
[BlackFideId "13515110"]
[EventDate "2023.02.03"]

1. e4 e5 2. Nf3 Nc6 3. Bb5 Nf6 4. d3 Bc5 5. c3 O-O 6. O-O d5 7. exd5 Qxd5 8. Bc4
Qd8 9. b4 Bd6 10. Bg5 a5 11. b5 Ne7 12. Nbd2 Ng6 13. Nh4 Kh8 14. Ne4 Be7 15.
Nxg6+ fxg6 16. Be3 Nh5 17. Qd2 b6 18. f3 Nf4 19. d4 Be6 20. Bxe6 Nxe6 21. d5 Nf4
22. Bxf4 Rxf4 23. Rae1 Qd7 24. Qd3 Raf8 25. g3 R4f5 26. Kg2 h6 27. a4 Qe8 28. c4
Qf7 29. Rd1 Bb4 30. Qe2 g5 31. h3 Qg6 32. Rd3 R5f7 33. Re3 Rf5 34. Qd3 Qf7 35.
Qe2 Qg6 36. Rd1 Bd6 37. Qd3 Qf7 38. Qe2 Qg6 1/2-1/2

[Event "Airthings Masters - Torneo Preliminare"]
[Site "Internet"]
[Date "03.02.2023"]
[Round "8"]
[White "Tabatabaei, M. Amin"]
[Black "Tomashevsky, Evgeny"]
[Result "1-0"]
[WhiteTitle ""]
[BlackTitle ""]
[WhiteElo "2677"]
[BlackElo "2694"]
[WhiteFideId "12521213"]
[BlackFideId "4147235"]
[EventDate "2023.02.03"]

1. d4 Nf6 2. Nf3 d5 3. c3 e6 4. Bf4 Bd6 5. e3 b6 6. Nbd2 O-O 7. h4 Ba6 8. Bxa6
Nxa6 9. h5 c5 10. h6 g6 11. Ne5 Qc7 12. Qf3 Ne8 13. Ndc4 f6 14. Nxd6 Nxd6 15.
Ng4 Qe7 16. Nxf6+ Qxf6 17. Bxd6 Qxf3 18. gxf3 Rxf3 19. Bf4 Rxf4 20. exf4 c4 21.
f5 exf5 22. Kd2 Kf7 23. Rae1 Rd8 24. Re5 Nc7 25. Rhe1 Rd7 26. f4 Kf6 27. a4 Kf7
28. R1e3 Kf6 29. Re1 Kf7 30. Kc2 Kf6 31. Kb1 Kf7 32. Ka2 Kf6 33. Ka3 a5 34. Ka2
Kf7 35. Kb1 Kf6 36. Kc2 Kf7 37. b4 axb4 38. cxb4 b5 39. a5 Kf8 40. Kc3 Kf7 41.
R1e2 Kf8 42. a6 Nxa6 43. Re8+ Kf7 44. Rh8 Kf6 45. Rf8+ Rf7 46. Rxf7+ Kxf7 47.
Ra2 1-0

[Event "Airthings Masters - Torneo Preliminare"]
[Site "Internet"]
[Date "03.02.2023"]
[Round "8"]
[White "Lobanov, Sergei"]
[Black "Ibarra Jerez, Jose Carlos"]
[Result "0-1"]
[WhiteTitle ""]
[BlackTitle ""]
[WhiteElo "2545"]
[BlackElo "2563"]
[WhiteFideId "24183750"]
[BlackFideId "2226332"]
[EventDate "2023.02.03"]

1. e4 c5 2. Nf3 Nc6 3. Bb5 e6 4. Bxc6 bxc6 5. b3 e5 6. Nxe5 Qe7 7. d4 f6 8. Nf3
Qxe4+ 9. Kd2 Qf4+ 10. Kc3 cxd4+ 11. Kb2 Qg4 12. Re1+ Ne7 13. Qxd4 Qxd4+ 14. Nxd4
Kf7 15. Nc3 Ng6 16. Be3 Rb8 17. Ne4 Ne5 18. f4 Nc4+ 19. Kb1 c5 20. Nf3 d5 21.
Ned2 Nxe3 22. Rxe3 Bd6 23. g3 c4 24. c3 Bc5 25. Nd4 Bd7 26. Kb2 a5 27. Rae1 Rhc8
28. N2f3 Bg4 29. f5 a4 30. h3 a3+ 31. Kc2 cxb3+ 32. Nxb3 Bxf5+ 33. Kd2 Bxe3+ 34.
Rxe3 Rxb3 0-1

[Event "Airthings Masters - Torneo Preliminare"]
[Site "Internet"]
[Date "03.02.2023"]
[Round "8"]
[White "Aronian, Levon"]
[Black "Chirila, Ioan-Cristian"]
[Result "1/2-1/2"]
[WhiteTitle ""]
[BlackTitle ""]
[WhiteElo "2736"]
[BlackElo "2543"]
[WhiteFideId "13300474"]
[BlackFideId "1211668"]
[EventDate "2023.02.03"]

1. e4 c5 2. Nf3 Nc6 3. Bb5 g6 4. Bxc6 dxc6 5. d3 Bg7 6. h3 Nf6 7. e5 Nd5 8. O-O
O-O 9. Re1 f6 10. Nbd2 b6 11. Ne4 Bf5 12. Ng3 fxe5 13. Nxe5 Qc7 14. Qe2 Rad8 15.
a3 Bc8 16. c4 Nf4 17. Bxf4 Rxf4 18. Qe3 Rdf8 19. Re2 Bxe5 20. Qxe5 Qxe5 21. Rxe5
Rxf2 22. b4 Rd2 23. Rxe7 Rxd3 24. Kh2 Rd2 25. bxc5 bxc5 26. Ne4 Rc2 27. Nd6 Rff2
28. Rg1 Ba6 29. Kg3 Rfe2 30. Rxa7 Bxc4 31. Nxc4 Rxc4 32. Rb1 Rc3+ 33. Kh2 Rf3
34. Rbb7 Rff2 35. Kg3 Rxg2+ 36. Kf4 Rgf2+ 37. Kg5 Rf5+ 38. Kh4 Re4+ 39. Kg3 Re3+
40. Kg2 Re2+ 41. Kg3 Re3+ 42. Kg2 Re2+ 43. Kg3 Re3+ 1/2-1/2

[Event "Airthings Masters - Torneo Preliminare"]
[Site "Internet"]
[Date "03.02.2023"]
[Round "8"]
[White "Salem, A.R. Saleh"]
[Black "Mitrabha, Guha"]
[Result "1-0"]
[WhiteTitle ""]
[BlackTitle ""]
[WhiteElo "2677"]
[BlackElo "2510"]
[WhiteFideId "9301348"]
[BlackFideId "5057000"]
[EventDate "2023.02.03"]

1. d4 Nf6 2. c4 e6 3. Nc3 Bb4 4. a3 Bxc3+ 5. bxc3 d6 6. f3 c5 7. e4 e5 8. Bd3
Nc6 9. Ne2 O-O 10. d5 Ne7 11. g4 a6 12. h4 b5 13. h5 bxc4 14. Bc2 h6 15. g5 hxg5
16. Bxg5 Nh7 17. Bh4 f5 18. f4 fxe4 19. fxe5 Bg4 20. Bxe4 Qe8 21. Qc2 Nf5 22. e6
Rb8 23. Ng3 Ne3 24. Bxh7+ Kh8 25. Qd2 Nxd5 26. Qxd5 Bf3 27. Qxd6 Bxh1 28. Bg6
Qc6 29. Qxc6 Bxc6 30. Rd1 Rf4 31. e7 Rg8 32. Rd8 Rxh4 33. Bf7 1-0